000 00790nam a2200205 a 4500
003 0
005 20250310122916.0
008 080730s19uu xx 00 eng d
050 _aPGS LB 3609
_b.J95 2008
100 _aJung, Seo You.
245 _aPerceptions of ILC middle school students towards cheating during examination /
_cSeo You Jung.
260 _aLas PiƱas City, Philippines :
_bSouthville International School and Colleges,
_c2008.
300 _a24 pages :
_b illustrations ;
_c28 cm.
504 _aIncludes bibliographical references.
650 _aCheating (Education)
650 _aAcademic dishonesty
_vStudent attitudes.
650 _aEthics in education
_vMiddle school students.
650 _aEducational psychology
_vMoral development.
942 _2lcc
_cPASS
999 _c98010
_d98010